Países do Império Romano - Statistics

Estatísticas Gerais
  • Esse quiz foi jogado 12 648 vezes
  • A pontuação média é 41 de 50
Respostas no mapa
Respostas codificadas por cores de uma escala verde-vermelha no mapa do quiz de acordo com a % correta abaixo.
 
Estatísticas das Respostas
País % Correto
Itália
99%
Espanha
98%
França
98%
Portugal
98%
Grécia
94%
Reino Unido
94%
Alemanha
93%
Bélgica
92%
Egito
92%
Turquia
92%
Países Baixos
90%
Suíça
90%
Marrocos
89%
Croácia
88%
Áustria
87%
Vaticano
86%
Israel
85%
Luxemburgo
85%
Andorra
84%
Argélia
84%
Irão
83%
Sérvia
83%
Hungria
82%
Mônaco
82%
Romênia
82%
Albânia
81%
Eslovénia
81%
Bósnia e Herzegovina
80%
Bulgária
80%
Chipre
80%
Eslováquia
80%
Malta
80%
Tunísia
80%
Arábia Saudita
79%
Iraque
79%
Macedónia do Norte
79%
San Marino
79%
Kosovo
78%
Líbia
78%
Montenegro
78%
Ucrânia
77%
Rússia
76%
Síria
76%
Jordânia
72%
Líbano
72%
Armênia
71%
Geórgia
71%
Liechtenstein
70%
Azerbaijão
65%
Kuweit
51%
Nenhum quiz correspondente encontrado
Distribuição das Pontuações
Porcentagem de Pessoas com Cada Pontuação
Percentil de Números Respondidos
Sua Pontuação Histórica
Você não jogou esse quiz